00439nam a2200157Ia 4500008004100000020001400041040001900055041001200074082002500086245004100111260003300152300002500185440003500210650001800245850001800263131103s9999 xx 000 0 und d a312507054 aLoreto College aEnglish a822/MAKbLCBED/10552 4aThe making of the jewel in the crown aNew YorkbSt. Martin'sc1983 a134p.b pic.c 27cm. aThe Masterpiece Theatre Series aEnglish drama aLCBED/822/MAK